Statistiken für Beliebteste Sportarten bei Jungen (bis 18 J)

Klicken Sie hier um das Quiz zu spielen!

Allgemein

  • Dieses Quiz wurde 500 mal gespielt
  • Das Durchschnittsergebnis liegt bei 11 aus 20

Antwortstatistiken

## JungenSportart% Korrekt
11 867 000Fußball
100%
798 000Basketball
95%
4172 000Handball
90%
3221 000Tennis
84%
5155 000Schwimmen
76%
1344 000Volleyball
71%
6138 000Leichtathletik
64%
888 000Tischtennis
64%
1625 500Hockey
60%
1723 000Boxen
54%
2745 000Turnen
53%
1158 000Judo
50%
1245 500Karate
50%
1429 500Golf
42%
1525 500Badminton
39%
2020 500Schach
34%
1063 000Ski
33%
1823 000Taekwondo
13%
1920 500Radsport
7%
984 500Schützen
5%

Verteilung der Resultate

Perzentil nach korrekt beantworteten Fragen

Anzahl Personen mit jedem Resultat

Ihre Resultats-Entwicklung

Sie haben dieses Quiz noch nicht gespielt